000 00309nam a22001457a 4500
008 211020b ||||| |||| 00| 0 eng d
020 _a2900618946685
041 _aeng
080 _a510
082 _a510
100 _a36
101 _aMAT
245 _aIntermediate Algebra
_cBraken,M
942 _2udc
_cBK
999 _c58295
_d58295